00270nam a2200109Ia 4500008004100000020001400041050002300055245003400078260002500112300001100137650001200148151021s9999 xx 000 0 und d a486225445 aPS 734 .G109 1970  a_Living my life Emma Goldman  aNew York Dover 1970  a993p.  a_Novel